000 00919nmm a2200313 a 4500
003 AR-X00000XY
005 20251128211904.0
008 227020s2005 ||||||||||||||000 | spa||
040 _cAR-X00000XY
245 1 0 _aIntroducción a Don Quijote de La Mancha de fácil lectura
260 _aMurcia
_bUAM Fácil Lectura
_c2005
300 0 _axxxii p.
500 0 _aCuadernillo que acompaña la obra principal
650 4 _aLITERATURA ESPANOLA
650 4 _aCRITICA LITERARIA
650 4 _aANALISIS LITERARIO
653 0 _aNOVELA DE CABALLERIA
653 0 _aBARROCO
653 0 _aSIGLO DE ORO ESPANOL
653 0 _aADAPTACIONES LITERARIAS
655 _aLITERATURA
700 1 _aAnula Rebollo, Alberto
700 1 _aFernández-Lagunilla, Marina
700 1 _aBelinchón Carmona, Mercedes
700 1 _aRevilla Guijarro, Almudena
700 1 _aHeras Sedano, Lorena
942 _cBK
998 _cmartin
999 _c21487
_d21487